Critical infrastructure protection, DHS has fully implemented its Chemical Security Expedited Approval Program, and participation to date has been limited : report to congressional committees.

Bibliographic Details
Corporate Author: United States. Government Accountability Office (Author)
Other Authors: Currie, Chris P.
Format: Government Document eBook
Language:English
Published: [Washington, D.C.] : United States Government Accountability Office, 2017.
Subjects:
Online Access:https://purl.fdlp.gov/GPO/gpo82659
http://purl.fdlp.gov/GPO/gpo82659

MARC

Tag First Indicator Second Indicator Subfields
LEADER 00000cam a2200000Ii 4500
001 in00003888913
005 20210514085304.0
006 m o d f
007 cr m|||||a||||
008 170707s2017 dcu ob f000 0 eng d
035 |a (OCoLC)ocn992998548 
043 |a n-us--- 
040 |a DID  |b eng  |e rda  |e pn  |c DID  |d GPO  |d MvI 
049 |a WWW 
074 |a 0546-D (online) 
086 0 |a GA 1.13:GAO-17-502 
088 |a GAO-17-502 
110 1 |a United States.  |b Government Accountability Office,  |e author. 
245 1 0 |a Critical infrastructure protection, DHS has fully implemented its Chemical Security Expedited Approval Program, and participation to date has been limited :  |b report to congressional committees. 
246 3 0 |a DHS has fully implemented its Chemical Security Expedited Approval Program, and participation to date has been limited 
246 3 |a Critical infrastructure protection, Department of Homeland Security has fully implemented its Chemical Security Expedited Approval Program, and participation to date has been limited 
246 1 7 |a GAO-17-502 Critical infrastructure protection 
264 1 |a [Washington, D.C.] :  |b United States Government Accountability Office,  |c 2017. 
300 |a 1 online resource (ii, 25 pages) 
336 |a text  |b txt  |2 rdacontent 
337 |a computer  |b c  |2 rdamedia 
338 |a online resource  |b cr  |2 rdacarrier 
500 |a "June 2017"--Cover. 
500 |a "GAO-17-502." 
504 |a Includes bibliographical references. 
588 |a Description based on online resource; title from PDF cover page (GAO, viewed July 7, 2017). 
610 1 0 |a United States.  |b Department of Homeland Security  |x Rules and practice  |x Evaluation. 
610 2 0 |a Chemical Facility Anti-Terrorism Standards Expedited Approval Program (U.S.) 
650 0 |a Chemical industry  |x Security measures  |z United States. 
650 0 |a Chemical terrorism  |z United States  |x Prevention. 
650 0 |a Chemical plants  |x Security measures  |z United States. 
650 0 |a Hazardous substances  |x Security measures  |z United States. 
700 1 |a Currie, Chris P. 
856 4 0 |u https://purl.fdlp.gov/GPO/gpo82659  |t 0 
856 4 0 |u http://purl.fdlp.gov/GPO/gpo82659  |t 0 
999 f f |s 179cd29d-c674-3b3f-89da-87050a0bc87e  |i 68cedb31-180d-3ebe-b6df-59615e1bc4f7  |t 0 
952 f f |a Texas A&M University  |b College Station  |c Electronic Resources  |d Available Online  |t 0  |e GA 1.13:GAO-17-502  |h Superintendent of Documents classification 
998 f f |a GA 1.13:GAO-17-502  |t 0  |l Available Online